<?xml version="1.0" encoding="UTF-8"?><?xml-stylesheet type="text/xsl" href="static/style.xsl"?><OAI-PMH xmlns="http://www.openarchives.org/OAI/2.0/" xmlns:xsi="http://www.w3.org/2001/XMLSchema-instance" xsi:schemaLocation="http://www.openarchives.org/OAI/2.0/ http://www.openarchives.org/OAI/2.0/OAI-PMH.xsd"><responseDate>2026-05-14T08:59:43Z</responseDate><request verb="GetRecord" identifier="oai:riubu.ubu.es:10259/6894" metadataPrefix="marc">https://riubu.ubu.es/oai/request</request><GetRecord><record><header><identifier>oai:riubu.ubu.es:10259/6894</identifier><datestamp>2024-05-17T09:58:58Z</datestamp><setSpec>com_10259.4_104</setSpec><setSpec>com_10259_2604</setSpec><setSpec>col_10259_6848</setSpec></header><metadata><record xmlns="http://www.loc.gov/MARC21/slim" xmlns:doc="http://www.lyncode.com/xoai" xmlns:xsi="http://www.w3.org/2001/XMLSchema-instance" xmlns:dcterms="http://purl.org/dc/terms/" xsi:schemaLocation="http://www.loc.gov/MARC21/slim http://www.loc.gov/standards/marcxml/schema/MARC21slim.xsd">
<leader>00925njm 22002777a 4500</leader>
<datafield tag="042" ind1=" " ind2=" ">
<subfield code="a">dc</subfield>
</datafield>
<datafield tag="720" ind1=" " ind2=" ">
<subfield code="a">Ávila Freire, Cristina</subfield>
<subfield code="e">author</subfield>
</datafield>
<datafield tag="720" ind1=" " ind2=" ">
<subfield code="a">Simón Grau, José</subfield>
<subfield code="e">author</subfield>
</datafield>
<datafield tag="720" ind1=" " ind2=" ">
<subfield code="a">López Ayerra, Julio</subfield>
<subfield code="e">author</subfield>
</datafield>
<datafield tag="260" ind1=" " ind2=" ">
<subfield code="c">2021-07</subfield>
</datafield>
<datafield tag="520" ind1=" " ind2=" ">
<subfield code="a">In the framework of road infrastructures, CHM has led a study that investigates&#xd;
construction products in order to combat the heat that is accumulated and released by urban&#xd;
surfaces, such as asphalt, especially in summer, seeking to minimize the "island of urban&#xd;
heat".&#xd;
This project is the result of having developed reflective pavements (cool pavements) than&#xd;
have passed through the first phase at the laboratory level, manufacturing on an industrial&#xd;
scale and their small-scale testing to ensure proper implementation, as well as their&#xd;
implementation by means of a large-scale demonstrator, operating on 24.000 m2 of&#xd;
pavement in the city of Murcia (LIFE HEATLAND).&#xd;
This mixture has a series of benefits with respect to conventional mixtures, leading to an&#xd;
improvement in the urban environment and quality of life of the citizens of the&#xd;
implantation environment and which are mainly:&#xd;
- Saving energy in air conditioning and in the consumption of public lighting.&#xd;
- Saving energy consumption and raw materials.&#xd;
- Improves air quality.&#xd;
- Improves noise pollution.&#xd;
- Improves comfort and health of pedestrians.&#xd;
- Economic and environmental benefits.&#xd;
To date, the demonstrator has been monitored and the following conclusions have been&#xd;
obtained, validating this type of pavement as a mechanism to reduce the urban heat island&#xd;
effect:&#xd;
- Initial luminance of reflective pavement 2.5 cd / m2 under the lamppost, 150%&#xd;
higher than in the conventional asphalt street.&#xd;
- Solar reflectance is almost four times higher than conventional asphalt.&#xd;
- Average surface temperature for reflective pavement of 7-11 ºC lower than&#xd;
conventional.&#xd;
- Asphalted areas where tire rubber has been deposited as a result of the rolling of&#xd;
vehicles are heated 1-3 ºC more than clean areas.&#xd;
- Environmental noise level of the area: 3 dB (A) lower.</subfield>
</datafield>
<datafield tag="024" ind2=" " ind1="8">
<subfield code="a">978-84-18465-12-3</subfield>
</datafield>
<datafield tag="024" ind2=" " ind1="8">
<subfield code="a">http://hdl.handle.net/10259/6894</subfield>
</datafield>
<datafield tag="024" ind2=" " ind1="8">
<subfield code="a">10.36443/10259/6894</subfield>
</datafield>
<datafield ind1=" " ind2=" " tag="653">
<subfield code="a">Infraestructuras</subfield>
</datafield>
<datafield ind1=" " ind2=" " tag="653">
<subfield code="a">Infrastructures</subfield>
</datafield>
<datafield tag="245" ind1="0" ind2="0">
<subfield code="a">Cool pavements for climate change adaptation</subfield>
</datafield>
</record></metadata></record></GetRecord></OAI-PMH>